[Event "Col Ch "]
[Site "Ibague "]
[Date "2013.07.05"]
[Round "7.68"]
[White "Palacio, Pablo Persi"]
[Black "Munoz, Alvaro E"]
[Result "1/2-1/2"]
[WhiteElo "1931"]
[BlackElo "1739"]
[PlyCount "100"]
[EventDate "2013.07.01"]
[EventType "swiss"]
[EventRounds "11"]
[EventCountry "COL"]
[SourceDate "2005.09.12"]

1. e4 c5 2. Nf3 d6 3. d4 cxd4 4. Nxd4 Nf6 5. Nc3 a6 6. Be2 g6 7. Be3 Bg7 8. g4
h5 9. gxh5 Nxh5 10. Qd2 Nc6 11. O-O-O Bd7 12. Nd5 b5 13. Kb1 Rb8 14. Nxc6 Bxc6
15. f4 Nf6 16. Bf3 Nxd5 17. exd5 Bd7 18. h4 Bf5 19. Bd4 f6 20. Rde1 Rc8 21. Bd1
Kf8 22. Qg2 Rc4 23. Qe2 a5 24. Qe3 a4 25. Rh2 Qd7 26. Ka1 b4 27. b3 axb3 28.
cxb3 Rc7 29. Bb2 Kf7 30. h5 Ra8 31. hxg6+ Bxg6 32. Qe6+ Qxe6 33. dxe6+ Kf8 34.
Bc2 Rxc2 35. Rxc2 Bxc2 36. Re3 f5 37. Rg3 Bxb2+ 38. Kxb2 Be4 39. Rg5 Rc8 40.
Rg1 Rc2+ 41. Ka1 Rg2 42. Rf1 Kg7 43. a4 bxa3 44. b4 Rb2 45. Rg1+ Kf6 46. b5
Rxb5 47. Rg3 Ra5 48. Ka2 Bd5+ 49. Ka1 a2 50. Rg5 Rb5 1/2-1/2

[Event "Col Ch "]
[Site "Ibague "]
[Date "2013.07.05"]
[Round "7.69"]
[White "Dabraccio, Guillermo"]
[Black "Parra, Diego Alexander"]
[Result "1-0"]
[WhiteElo "1752"]
[BlackElo "1922"]
[PlyCount "101"]
[EventDate "2013.07.01"]
[EventType "swiss"]
[EventRounds "11"]
[EventCountry "COL"]
[SourceDate "2005.09.12"]

1. d4 Nf6 2. Nf3 g6 3. Bf4 Bg7 4. e3 d6 5. Be2 O-O 6. h3 c5 7. c3 Qb6 8. Qc1
Nc6 9. dxc5 Qxc5 10. Nbd2 Qb6 11. Nb3 Re8 12. O-O Be6 13. Nfd4 Nxd4 14. Nxd4
Bxh3 15. gxh3 e5 16. Bxe5 dxe5 17. Nf3 Qe6 18. Kg2 Ne4 19. Qc2 f5 20. Qb3 Kf7
21. Rfd1 Kf6 22. Qxe6+ Kxe6 23. Rd3 Red8 24. Rad1 Bf6 25. Rxd8 Rxd8 26. Bc4+
Ke7 27. Rxd8 Kxd8 28. Bg8 h6 29. Bh7 g5 30. Bxf5 Nd6 31. Be6 b5 32. Nd2 Kc7 33.
Kf3 Kb6 34. e4 a5 35. Kg4 Kc5 36. Nb3+ Kb6 37. f3 Nc4 38. Bxc4 bxc4 39. Nd2 Kb5
40. Kf5 Bg7 41. Kg6 Bf8 42. Kf5 Bg7 43. Ke6 h5 44. Kf5 Bh6 45. Kg6 g4 46. Kxh6
g3 47. f4 a4 48. a3 exf4 49. Nf3 Kc5 50. Kxh5 Kd6 51. Kg5 1-0

[Event "Col Ch "]
[Site "Ibague "]
[Date "2013.07.05"]
[Round "7.70"]
[White "Aponte, Juan Camilo"]
[Black "Sosa Florez, Luis Felipe"]
[Result "1/2-1/2"]
[WhiteElo "1909"]
[BlackElo "1738"]
[PlyCount "101"]
[EventDate "2013.07.01"]
[EventType "swiss"]
[EventRounds "11"]
[EventCountry "COL"]
[SourceDate "2005.09.12"]

1. d4 d5 2. Nf3 c6 3. e3 Nf6 4. c4 e6 5. Be2 Nbd7 6. Nc3 dxc4 7. Bxc4 b5 8. Bd3
Bb7 9. O-O a6 10. a3 c5 11. Re1 Rc8 12. e4 cxd4 13. Nxd4 Bc5 14. Nb3 Bb6 15.
Bg5 Ne5 16. Bf1 O-O 17. Qe2 h6 18. Bh4 Ng6 19. Bg3 Qe7 20. Kh1 b4 21. Na4 Ba7
22. f3 Rfd8 23. Red1 Nh5 24. Rxd8+ Rxd8 25. Bf2 Ngf4 26. Qc2 Bxf2 27. Qxf2 bxa3
28. bxa3 Nd3 29. Qc2 Ne5 30. Nac5 Rc8 31. Qf2 Rc6 32. Rd1 Bc8 33. Qe3 Nf6 34.
a4 Ned7 35. Nxd7 Nxd7 36. Rc1 Qd6 37. Na5 Rxc1 38. Qxc1 Nc5 39. Be2 Bd7 40. Nc4
Qc7 41. Nb2 Qa5 42. Nc4 Qxa4 43. Nb6 Qa5 44. Nxd7 Nxd7 45. Qc8+ Kh7 46. Qxa6
Qe1+ 47. Bf1 Nc5 48. Qc4 Nb3 49. Kg1 Qe3+ 50. Kh1 Nd2 51. Qe2 1/2-1/2

[Event "Col Ch "]
[Site "Ibague "]
[Date "2013.07.05"]
[Round "7.71"]
[White "Ortiz, Jairo"]
[Black "Ordonez Gonzalez, Gabriel"]
[Result "0-1"]
[WhiteElo "1725"]
[BlackElo "1909"]
[PlyCount "58"]
[EventDate "2013.07.01"]
[EventType "swiss"]
[EventRounds "11"]
[EventCountry "COL"]
[SourceDate "2005.09.12"]

1. d4 c5 2. e3 Nf6 3. Nf3 e6 4. Bd3 Nc6 5. c3 d5 6. Nbd2 Bd6 7. e4 cxd4 8. Nxd4
Nxd4 9. cxd4 dxe4 10. Nxe4 Bb4+ 11. Bd2 Bxd2+ 12. Qxd2 O-O 13. O-O Bd7 14.
Nxf6+ Qxf6 15. Be4 Bb5 16. Rfd1 Qe7 17. Rac1 Rfc8 18. Rxc8+ Rxc8 19. d5 Qd6 20.
g3 f5 21. Bf3 e5 22. Rc1 Bd7 23. Rxc8+ Bxc8 24. Be2 a6 25. Qc3 Bd7 26. Bc4 Kf7
27. Qa5 Ke7 28. a4 Bc8 29. b4 b6 0-1

[Event "Col Ch "]
[Site "Ibague "]
[Date "2013.07.05"]
[Round "7.72"]
[White "Carrillo, Custodio"]
[Black "Bravo, Juan Eduardo"]
[Result "0-1"]
[WhiteElo "1886"]
[BlackElo "1726"]
[PlyCount "72"]
[EventDate "2013.07.01"]
[EventType "swiss"]
[EventRounds "11"]
[EventCountry "COL"]
[SourceDate "2005.09.12"]

1. d4 Nf6 2. Nf3 g6 3. Bf4 d6 4. e3 Bg7 5. Nbd2 O-O 6. Bd3 Nbd7 7. e4 Re8 8. e5
dxe5 9. dxe5 Nh5 10. Bg3 Nxg3 11. hxg3 Nxe5 12. Nxe5 Bxe5 13. Nf3 Bxb2 14. Rb1
Bg7 15. Rb4 Bc3+ 16. Kf1 Bxb4 17. Qc1 e5 18. Qh6 Qf6 19. Qxh7+ Kf8 20. Bc4 Qg7
21. Qh2 Bg4 22. Ng5 Rad8 23. f3 Rd1+ 24. Ke2 Rxh1 25. Qxh1 Be6 26. Bxe6 fxe6
27. Qh4 Be7 28. Nxe6+ Kf7 29. Nxg7 Bxh4 30. Nxe8 Bd8 31. Nxc7 Bxc7 32. Kd3 Ke6
33. Ke4 g5 34. g4 b5 35. c3 Bd6 36. g3 a5 0-1

[Event "Col Ch "]
[Site "Ibague "]
[Date "2013.07.05"]
[Round "7.73"]
[White "Rosero, Hugo Alberto"]
[Black "Acosta Cruz, Luis Ivan"]
[Result "0-1"]
[WhiteElo "1664"]
[BlackElo "1879"]
[PlyCount "121"]
[EventDate "2013.07.01"]
[EventType "swiss"]
[EventRounds "11"]
[EventCountry "COL"]
[SourceDate "2005.09.12"]

1. e4 e5 2. Nf3 Nc6 3. Bb5 a6 4. Ba4 Nf6 5. d3 Bc5 6. Bg5 h6 7. Bh4 d6 8. h3
Bd7 9. Nc3 g5 10. Bg3 Qe7 11. a3 Ba7 12. Qd2 Nd4 13. Bxd7+ Qxd7 14. Nxd4 Bxd4
15. O-O-O O-O-O 16. f3 Qc6 17. Bf2 Bxf2 18. Qxf2 Kb8 19. Kb1 b5 20. d4 Qb6 21.
Rd2 Kc8 22. Rhd1 Rhe8 23. Qf1 c5 24. dxe5 dxe5 25. Nd5 Nxd5 26. Rxd5 f6 27. Qf2
Kc7 28. Rd7+ Rxd7 29. Rxd7+ Kc8 30. Qd2 Rd8 31. Rd5 c4 32. Ka2 a5 33. b4 cxb3+
34. cxb3 Rxd5 35. exd5 Kd7 36. b4 a4 37. Kb2 Qd4+ 38. Qc3 Qxc3+ 39. Kxc3 Kd6
40. Kd3 Kxd5 41. Ke3 Kd6 42. Ke4 Ke6 43. Ke3 f5 44. Kd3 Kf6 45. Ke3 Kg6 46. Kd3
h5 47. Ke3 g4 48. hxg4 hxg4 49. fxg4 fxg4 50. Ke4 Kf6 51. Kd3 Ke6 52. Ke4 Kd6
53. Kf5 Kd5 54. Kxg4 e4 55. Kf5 Kd4 56. g4 e3 57. g5 e2 58. g6 e1=Q 59. Kf6 Qg3
60. g7 Qxg7+ 61. Kxg7 0-1

[Event "Col Ch "]
[Site "Ibague "]
[Date "2013.07.05"]
[Round "7.75"]
[White "Restrepo, Jose Daniel"]
[Black "Jaramillo, Daniel Alejandro"]
[Result "1-0"]
[WhiteElo "1944"]
[BlackElo "1693"]
[PlyCount "53"]
[EventDate "2013.07.01"]
[EventType "swiss"]
[EventRounds "11"]
[EventCountry "COL"]
[SourceDate "2005.09.12"]

1. e4 c5 2. Nc3 Nc6 3. f4 d6 4. Bb5 Bd7 5. Nf3 a6 6. Bxc6 Bxc6 7. d3 e6 8. O-O
Nf6 9. Qe1 d5 10. e5 Nd7 11. Qg3 d4 12. Ne4 g6 13. Bd2 f5 14. exf6 Nxf6 15.
Neg5 Bd5 16. Rae1 Qd6 17. Nxe6 Bxe6 18. Rxe6+ Qxe6 19. Re1 Qxe1+ 20. Qxe1+ Kf7
21. Ng5+ Kg7 22. Qe6 Ne8 23. Qf7+ Kh6 24. f5 Nd6 25. Ne6+ Kh5 26. Qf6 Bh6 27.
Bxh6 1-0

[Event "Col Ch "]
[Site "Ibague "]
[Date "2013.07.05"]
[Round "7.76"]
[White "Gomez, Jorge Leonardo"]
[Black "Rodriguez, German Andres"]
[Result "1-0"]
[WhiteElo "1838"]
[BlackElo "1615"]
[PlyCount "85"]
[EventDate "2013.07.01"]
[EventType "swiss"]
[EventRounds "11"]
[EventCountry "COL"]
[SourceDate "2005.09.12"]

1. e4 c5 2. d4 cxd4 3. c3 d3 4. Bxd3 Nc6 5. Nf3 d6 6. O-O Nf6 7. h3 g6 8. Qe2
Bg7 9. Rd1 Qc7 10. Bf4 Nh5 11. Bh2 O-O 12. Nbd2 Ne5 13. Bc2 Bd7 14. Nd4 Rac8
15. g4 Nf6 16. Bb3 a6 17. f4 Nc6 18. N2f3 e5 19. Nc2 exf4 20. Bxf4 Rfe8 21. Ng5
Nd8 22. Rxd6 Qc5+ 23. Qf2 Qxf2+ 24. Kxf2 h6 25. e5 hxg5 26. exf6 gxf4 27. fxg7
Be6 28. Nd4 Kxg7 29. Re1 Rc7 30. Rxd8 Rxd8 31. Bxe6 Rxd4 32. cxd4 fxe6 33. Rxe6
Rc2+ 34. Re2 Rc4 35. Rd2 g5 36. Kf3 Kf6 37. Ke4 Ke6 38. Rd3 b6 39. b3 Rc2 40.
d5+ Kd6 41. Kf5 Rxa2 42. Kxg5 f3 43. Rxf3 1-0

[Event "Col Ch "]
[Site "Ibague "]
[Date "2013.07.05"]
[Round "7.77"]
[White "Torres, Jose Leonardo"]
[Black "Sandoval Guerrero, Juan David"]
[Result "1-0"]
[WhiteElo "1787"]
[BlackElo "1501"]
[PlyCount "35"]
[EventDate "2013.07.01"]
[EventType "swiss"]
[EventRounds "11"]
[EventCountry "COL"]
[SourceDate "2005.09.12"]

1. e4 e5 2. d4 exd4 3. Qxd4 Nc6 4. Qe3 d6 5. Bd2 Qe7 6. Nc3 Nf6 7. f3 Be6 8.
O-O-O g6 9. g4 Bg7 10. h4 a6 11. Nge2 O-O-O 12. Kb1 Nd7 13. Bc1 Nb6 14. Nf4
Rhe8 15. g5 f5 16. gxf6 Bxf6 17. Nxe6 Qxe6 18. Bh3 1-0

[Event "Col Ch "]
[Site "Ibague "]
[Date "2013.07.05"]
[Round "7.80"]
[White "Pena Mora, Carlos"]
[Black "Perez Lombana, Kevin Esteban"]
[Result "1-0"]
[WhiteElo "1658"]
[BlackElo "1439"]
[PlyCount "81"]
[EventDate "2013.07.01"]
[EventType "swiss"]
[EventRounds "11"]
[EventCountry "COL"]
[SourceDate "2005.09.12"]

1. e4 c5 2. Nf3 d6 3. d4 cxd4 4. Nxd4 Nf6 5. Nc3 a6 6. Bc4 e5 7. Nb3 Be7 8. f3
O-O 9. Nd5 Nxd5 10. Bxd5 Nd7 11. Be3 Bg5 12. Qd2 Bxe3 13. Qxe3 Nb6 14. Qd2 Nxd5
15. Qxd5 Qc7 16. O-O-O Be6 17. Qxd6 Qxd6 18. Rxd6 Rac8 19. Rhd1 Rc6 20. Rxc6
bxc6 21. Nc5 Bxa2 22. b3 Rb8 23. Kb2 Bxb3 24. cxb3 a5 25. Ka3 Kf8 26. Nd7+ Ke7
27. Nxb8 c5 28. Nc6+ Ke6 29. Nxa5 f5 30. Nb7 c4 31. bxc4 fxe4 32. fxe4 g5 33.
Rd6+ Ke7 34. c5 h5 35. c6 g4 36. c7 h4 37. c8=Q Kf7 38. Qe6+ Kf8 39. Rd8+ Kg7
40. Rg8+ Kh7 41. Qg6# 1-0

[Event "Col Ch "]
[Site "Ibague "]
[Date "2013.07.05"]
[Round "8.1"]
[White "Martinez Romero, Martin"]
[Black "Mosquera, Miguel"]
[Result "1/2-1/2"]
[WhiteElo "2402"]
[BlackElo "2391"]
[PlyCount "65"]
[EventDate "2013.07.01"]
[EventType "swiss"]
[EventRounds "11"]
[EventCountry "COL"]
[SourceDate "2005.09.12"]
[WhiteClock "0:29:39"]
[BlackClock "0:18:27"]

1. d4 d5 2. c4 c6 3. Nc3 Nf6 4. Nf3 dxc4 5. a4 Bf5 6. Ne5 e6 7. f3 Bb4 8. e4
Bxe4 9. fxe4 Nxe4 10. Bd2 Qxd4 11. Nxe4 Qxe4+ 12. Qe2 Bxd2+ 13. Kxd2 Qd4+ 14.
Kc2 Na6 15. Rd1 Qc5 16. Kb1 O-O 17. Nd7 Qf5+ 18. Qc2 Qxc2+ 19. Kxc2 Nb4+ 20.
Kb1 Rfd8 21. Bxc4 Nd5 22. Nc5 Rab8 23. g3 Kf8 24. Rhe1 Ke7 25. Nd3 g5 26. Kc2
Rd6 27. b4 Rbd8 28. a5 h5 29. Kb3 Nf6 30. Kc2 Nd5 31. Kb3 Nf6 32. Kc2 Nd5 33.
Kb3 1/2-1/2

[Event "Col Ch "]
[Site "Ibague "]
[Date "2013.07.05"]
[Round "8.2"]
[White "Soto, Christian Camilo"]
[Black "Panesso Rivera, Henry"]
[Result "0-1"]
[WhiteElo "2079"]
[BlackElo "2341"]
[PlyCount "105"]
[EventDate "2013.07.01"]
[EventType "swiss"]
[EventRounds "11"]
[EventCountry "COL"]
[SourceDate "2005.09.12"]
[WhiteClock "0:49:58"]
[BlackClock "0:57:51"]

1. c4 g6 2. Nc3 Bg7 3. d4 Nf6 4. Nf3 O-O 5. g3 d6 6. Bg2 Nc6 7. O-O Bg4 8. h3
Bxf3 9. Bxf3 Nd7 10. e3 e5 11. Ne2 Qf6 12. Bxc6 bxc6 13. Bd2 exd4 14. exd4 Qe6
15. d5 cxd5 16. Nf4 Qe4 17. Re1 Qxc4 18. Rc1 Qxa2 19. Rxc7 Ne5 20. Bc3 d4 21.
Bxd4 Qa5 22. Rc3 Nf3+ 23. Rxf3 Bxd4 24. Rd3 Bxb2 25. Rxd6 Rfe8 26. Rxe8+ Rxe8
27. Kg2 Qb4 28. Rd7 Qe4+ 29. f3 Qe3 30. Qd5 Re7 31. Rd8+ Kg7 32. h4 Be5 33. Nh3
Bc7 34. Qd4+ Qxd4 35. Rxd4 Re2+ 36. Kf1 Rc2 37. Ng5 h6 38. Ne4 a5 39. g4 Bb6
40. Rd6 Rb2 41. Nd2 Bc7 42. Rd7 Rc2 43. Ke1 Bf4 44. Nb3 a4 45. Nd4 Rd2 46. h5
a3 47. hxg6 a2 48. Rxf7+ Kxg6 49. Ra7 Rb2 50. Ne2 Be3 51. Ra6+ Kf7 52. Nc3 Bc1
53. Nb1 0-1

[Event "Col Ch "]
[Site "Ibague "]
[Date "2013.07.05"]
[Round "8.3"]
[White "Torres, Juan Camilo"]
[Black "Saladen, Rafael"]
[Result "1-0"]
[WhiteElo "2341"]
[BlackElo "2207"]
[PlyCount "83"]
[EventDate "2013.07.01"]
[EventType "swiss"]
[EventRounds "11"]
[EventCountry "COL"]
[SourceDate "2005.09.12"]
[WhiteClock "0:32:37"]
[BlackClock "0:33:02"]

1. d4 Nf6 2. c4 g6 3. Nf3 Bg7 4. Nc3 d5 5. Bf4 O-O 6. e3 c5 7. dxc5 Qa5 8. Rc1
Rd8 9. Qa4 Qxa4 10. Nxa4 Nc6 11. h3 Be6 12. Ng5 Bf5 13. g4 Bd7 14. Nc3 e5 15.
Bg3 d4 16. Nd5 Nxd5 17. cxd5 Nb4 18. Bc4 h6 19. Ne4 b5 20. Bb3 a5 21. a3 a4 22.
axb4 axb3 23. exd4 exd4 24. Nd6 d3 25. Kd2 Bxb2 26. Rb1 Ra2 27. Kxd3 f6 28.
Rhe1 Be5 29. Bxe5 fxe5 30. Rxe5 Rxf2 31. Rxb3 h5 32. gxh5 Bxh3 33. hxg6 Rdf8
34. Kd4 Bg2 35. c6 Rc2 36. Re8 Rd2+ 37. Rd3 Rxd3+ 38. Kxd3 Bxd5 39. c7 Bc4+ 40.
Kd4 Rxe8 41. Nxe8 Be6 42. Ke4 1-0

[Event "Col Ch "]
[Site "Ibague "]
[Date "2013.07.05"]
[Round "8.5"]
[White "Diaz, Jaime Walter"]
[Black "Barrientos, Sergio E"]
[Result "0-1"]
[WhiteElo "2175"]
[BlackElo "2476"]
[PlyCount "80"]
[EventDate "2013.07.01"]
[EventType "swiss"]
[EventRounds "11"]
[EventCountry "COL"]
[SourceDate "2005.09.12"]
[WhiteClock "0:55:06"]
[BlackClock "1:20:32"]

1. e4 c5 2. Nf3 d6 3. d4 cxd4 4. Nxd4 Nf6 5. Nc3 a6 6. Bg5 Nbd7 7. Bc4 e6 8. f3
h6 9. Bh4 b5 10. Bb3 Nc5 11. O-O Bb7 12. a3 Be7 13. Bf2 O-O 14. Ba2 Rc8 15. Qd2
Qc7 16. Rfd1 Rfd8 17. Nde2 d5 18. exd5 Nxd5 19. Qe1 Nb6 20. Bg3 Qc6 21. Nd4 Qe8
22. Bf2 Bf6 23. Rd2 Nd5 24. Nxd5 Bxd5 25. Bxd5 Rxd5 26. Rad1 Rcd8 27. Ne2 Rxd2
28. Rxd2 Rc8 29. c3 Na4 30. Be3 e5 31. Qb1 Qe6 32. Qc2 Bh4 33. Qe4 Be7 34. Ng3
Bf8 35. f4 exf4 36. Qxe6 fxe6 37. Bxf4 Bc5+ 38. Kh1 e5 39. Bxe5 Re8 40. Rd5 Bf8
0-1

[Event "Col Ch "]
[Site "Ibague "]
[Date "2013.07.05"]
[Round "8.6"]
[White "Castro, Alexander"]
[Black "Gallego Alcaraz, Andres Felipe"]
[Result "1/2-1/2"]
[WhiteElo "2142"]
[BlackElo "2414"]
[PlyCount "117"]
[EventDate "2013.07.01"]
[EventType "swiss"]
[EventRounds "11"]
[EventCountry "COL"]
[SourceDate "2005.09.12"]

1. d4 Nf6 2. c4 g6 3. Nc3 d5 4. Nf3 Bg7 5. h4 dxc4 6. e4 c5 7. d5 b5 8. h5 Nxh5
9. Nxb5 Qa5+ 10. Nc3 Bg4 11. Qa4+ Qxa4 12. Nxa4 Bxf3 13. gxf3 Nd7 14. Bxc4 Rb8
15. Be3 O-O 16. Rb1 Be5 17. Rh4 Bf6 18. Rh1 Bd4 19. Kd2 Kh8 20. f4 e5 21. fxe5
Nxe5 22. Be2 Nf6 23. f3 Rfc8 24. Rhc1 Ned7 25. Bxd4 cxd4 26. Rxc8+ Rxc8 27. Kd3
h5 28. Kxd4 Kg7 29. Bb5 Rb8 30. Nc3 Nb6 31. a4 h4 32. a5 Nc8 33. e5 Nh5 34. d6
f6 35. d7 Ne7 36. e6 Nf4 37. Bc4 h3 38. Ke3 g5 39. Ne2 Nfg6 40. Rd1 Nc6 41. Ng3
Nge7 42. Bd3 Rb3 43. Nh5+ Kf8 44. Rd2 Ng6 45. Kf2 h2 46. Ng3 Nge5 47. Be4 Ke7
48. Bxc6 Nxc6 49. Kg2 Kxe6 50. Kxh2 f5 51. Nxf5 Kxf5 52. d8=Q Nxd8 53. Rxd8
Rxb2+ 54. Kg3 Rb5 55. a6 Ra5 56. Rd6 Ra3 57. Rd5+ Kg6 58. Rd6+ Kh5 59. Rc6
1/2-1/2

[Event "Col Ch "]
[Site "Ibague "]
[Date "2013.07.05"]
[Round "8.7"]
[White "Mendoza, Rafael"]
[Black "Otero, Daniel"]
[Result "0-1"]
[WhiteElo "2334"]
[BlackElo "2135"]
[PlyCount "95"]
[EventDate "2013.07.01"]
[EventType "swiss"]
[EventRounds "11"]
[EventCountry "COL"]
[SourceDate "2005.09.12"]
[WhiteClock "1:08:04"]
[BlackClock "0:22:21"]

1. e4 e5 2. Nf3 Nc6 3. Bb5 d6 4. d4 exd4 5. Nxd4 Bd7 6. Bxc6 bxc6 7. O-O g6 8.
Nc3 Bg7 9. Bf4 Nf6 10. Qd2 Ng4 11. Nf3 f6 12. Qe2 O-O 13. Nd4 Kh8 14. Rad1 Ne5
15. Bc1 c5 16. Nb3 a5 17. Nd5 a4 18. Nd2 Nc6 19. c3 f5 20. Nf3 h6 21. Nf4 Kh7
22. exf5 Rxf5 23. Ne6 Qe8 24. Rfe1 Qxe6 25. Qxe6 Bxe6 26. Rxe6 a3 27. bxa3 Bxc3
28. h3 Rf7 29. Nh4 Rf6 30. Re4 Raf8 31. Rd3 Bd4 32. Nf3 Ne5 33. Rb3 Nxf3+ 34.
gxf3 Rxf3 35. Rxf3 Rxf3 36. Re2 g5 37. Kg2 Rc3 38. Re7+ Kg6 39. Be3 Bxe3 40.
fxe3 Rxa3 41. Kf3 Ra7 42. Ke4 c4 43. Re6+ Kg7 44. Kd4 Rxa2 45. Kxc4 Rh2 46. Kd4
Rxh3 47. Re7+ Kf6 48. Rxc7 0-1

[Event "Col Ch "]
[Site "Ibague "]
[Date "2013.07.05"]
[Round "8.8"]
[White "Sanchez, Sebastian Felipe"]
[Black "Rengifo, Jose Ignacio"]
[Result "1/2-1/2"]
[WhiteElo "2328"]
[BlackElo "2133"]
[PlyCount "73"]
[EventDate "2013.07.01"]
[EventType "swiss"]
[EventRounds "11"]
[EventCountry "COL"]
[SourceDate "2005.09.12"]
[WhiteClock "0:03:06"]
[BlackClock "0:22:47"]

1. c4 Nf6 2. Nc3 g6 3. e4 d6 4. d4 Bg7 5. f4 O-O 6. Nf3 c5 7. d5 Bg4 8. Bd3 e6
9. dxe6 fxe6 10. O-O Nc6 11. h3 Bxf3 12. Qxf3 Nd4 13. Qd1 a6 14. Be3 b5 15.
cxb5 Nxb5 16. Bxb5 axb5 17. e5 dxe5 18. Bxc5 Re8 19. Nxb5 exf4 20. Rxf4 Rxa2
21. Nd6 Rxa1 22. Qxa1 Qc7 23. b4 Rf8 24. Qe1 Qd7 25. Ne4 Nd5 26. Rxf8+ Bxf8 27.
Bxf8 Kxf8 28. Nc5 Qe7 29. Qe5 Kg8 30. Nxe6 Nxb4 31. h4 h6 32. h5 gxh5 33. Qf5
Qf7 34. Qe4 Nd3 35. Qa8+ Kh7 36. Qe4+ Kg8 37. Qa8+ 1/2-1/2

[Event "Col Ch "]
[Site "Ibague "]
[Date "2013.07.05"]
[Round "8.9"]
[White "Navia, Edwin Adrian"]
[Black "Tovio, Israel"]
[Result "0-1"]
[WhiteElo "2094"]
[BlackElo "2291"]
[PlyCount "42"]
[EventDate "2013.07.01"]
[EventType "swiss"]
[EventRounds "11"]
[EventCountry "COL"]
[SourceDate "2005.09.12"]

1. e4 c5 2. Nf3 d6 3. d4 cxd4 4. Nxd4 Nf6 5. Nc3 a6 6. Be3 e5 7. Nb3 Be7 8. f3
Be6 9. Qd2 O-O 10. O-O-O a5 11. a4 Nc6 12. g4 Nb4 13. Qf2 Qc8 14. g5 Ne8 15.
Kb1 Nc7 16. Bb6 Nca6 17. h4 Nxc2 18. Nd5 Bxd5 19. Rxd5 Ncb4 20. Rd2 Qe6 21. Qe3
d5 0-1

[Event "Col Ch "]
[Site "Ibague "]
[Date "2013.07.05"]
[Round "8.11"]
[White "Pardo, Alejandro"]
[Black "Castaneda, Jhon David"]
[Result "0-1"]
[WhiteElo "2232"]
[BlackElo "2123"]
[PlyCount "76"]
[EventDate "2013.07.01"]
[EventType "swiss"]
[EventRounds "11"]
[EventCountry "COL"]
[SourceDate "2005.09.12"]
[WhiteClock "0:30:21"]
[BlackClock "0:12:01"]

1. d4 Nf6 2. Nf3 e6 3. e3 b6 4. Bd3 Bb7 5. Nbd2 d5 6. Ne5 Bd6 7. f4 c5 8. b3
O-O 9. O-O cxd4 10. exd4 Nc6 11. Bb2 Nb4 12. Be2 Rc8 13. c3 Nc6 14. Bd3 Ne7 15.
Qf3 Rc7 16. Rae1 Qc8 17. g4 Ng6 18. g5 Nd7 19. Bb1 Re8 20. Re3 Ndf8 21. Qh5 Qd8
22. Rh3 Bc8 23. Kh1 b5 24. b4 a5 25. a3 Qe7 26. Nb3 axb4 27. axb4 Bd7 28. Rg1
Rec8 29. Rg4 Be8 30. Rgh4 f5 31. gxf6 Qxf6 32. Nd2 Nxh4 33. Qxh4 Qxh4 34. Rxh4
Bxe5 35. fxe5 Bg6 36. Ba2 Bc2 37. Nb3 Rxc3 38. Bxc3 Bxb3 0-1

[Event "Col Ch "]
[Site "Ibague "]
[Date "2013.07.05"]
[Round "8.12"]
[White "Ruiz C, Joshua D"]
[Black "Barros, Raul Junior"]
[Result "1-0"]
[WhiteElo "2409"]
[BlackElo "2180"]
[PlyCount "69"]
[EventDate "2013.07.01"]
[EventType "swiss"]
[EventRounds "11"]
[EventCountry "COL"]
[SourceDate "2005.09.12"]
[WhiteClock "0:17:00"]
[BlackClock "0:14:37"]

1. e4 c5 2. Nf3 e6 3. d4 cxd4 4. Nxd4 a6 5. Nc3 Qc7 6. Bd3 Nf6 7. O-O Nc6 8.
Be3 d6 9. Kh1 Be7 10. f4 O-O 11. Qf3 Nxd4 12. Bxd4 e5 13. fxe5 dxe5 14. Qg3 Bd6
15. Be3 Be7 16. Nd5 Nxd5 17. Bh6 Bg5 18. Bxg5 Ne7 19. Bh6 Ng6 20. Be3 Be6 21.
b3 Rfd8 22. a4 Bxb3 23. Bg5 f6 24. Bxf6 Rxd3 25. cxd3 gxf6 26. Rxf6 Rf8 27.
Rxf8+ Kxf8 28. d4 Bf7 29. d5 Qc2 30. Qa3+ Kg8 31. Qf3 Nf4 32. d6 Bh5 33. Qg3+
Kh8 34. d7 Qc7 35. Qg5 1-0

[Event "Col Ch "]
[Site "Ibague "]
[Date "2013.07.05"]
[Round "8.13"]
[White "Zuluaga, Cesar"]
[Black "Blandon Villa, Diego F"]
[Result "1/2-1/2"]
[WhiteElo "2402"]
[BlackElo "2196"]
[PlyCount "82"]
[EventDate "2013.07.01"]
[EventType "swiss"]
[EventRounds "11"]
[EventCountry "COL"]
[SourceDate "2005.09.12"]

1. d4 Nf6 2. Nf3 g6 3. c4 Bg7 4. Nc3 O-O 5. g3 d6 6. Bg2 Nbd7 7. h3 c6 8. O-O
e5 9. e4 exd4 10. Nxd4 Qa5 11. Re1 Ne5 12. Bf1 Re8 13. Kg2 Qc7 14. Be3 a6 15.
a4 b6 16. Kh2 Bb7 17. f4 Ned7 18. Bg2 c5 19. Ndb5 axb5 20. Nxb5 Qc6 21. Nxd6
Nxe4 22. Nxe8 Rxe8 23. Qc2 Nf8 24. a5 bxa5 25. Rxa5 Ne6 26. Rb5 f5 27. b4 Bd4
28. Qa2 Bc3 29. Re2 Bxb4 30. Qa7 Re7 31. Qb8+ Kf7 32. Qh8 Nf8 33. Bc1 Qd6 34.
Bb2 Ba6 35. Be5 Qc6 36. Rb8 Bc8 37. Ra2 Rb7 38. Raa8 Rxb8 39. Rxb8 Qd7 40. Qg7+
Ke8 41. Qg8 Be1 1/2-1/2

[Event "Col Ch "]
[Site "Ibague "]
[Date "2013.07.05"]
[Round "8.14"]
[White "Rios Parra, Alejandro"]
[Black "Lotero, Faiber"]
[Result "1-0"]
[WhiteElo "2344"]
[BlackElo "2177"]
[PlyCount "47"]
[EventDate "2013.07.01"]
[EventType "swiss"]
[EventRounds "11"]
[EventCountry "COL"]
[SourceDate "2005.09.12"]

1. Nf3 Nc6 2. c4 Nf6 3. Nc3 d6 4. d4 g6 5. e4 Bg7 6. Be2 O-O 7. O-O Bg4 8. Be3
Bxf3 9. Bxf3 e5 10. d5 Ne7 11. c5 Ne8 12. Be2 f5 13. f3 Nf6 14. Rc1 Kh8 15. Qd3
a6 16. Rc2 Nh5 17. cxd6 cxd6 18. g3 f4 19. Bf2 fxg3 20. hxg3 Ng8 21. Kh2 Qg5
22. Qd2 Qf6 23. Be3 Rf7 24. Bg5 1-0

[Event "Col Ch "]
[Site "Ibague "]
[Date "2013.07.05"]
[Round "8.15"]
[White "Cifuentes, Jhon Jairo"]
[Black "Hernandez Sanchez, Jairo Andre"]
[Result "1/2-1/2"]
[WhiteElo "2120"]
[BlackElo "2320"]
[PlyCount "58"]
[EventDate "2013.07.01"]
[EventType "swiss"]
[EventRounds "11"]
[EventCountry "COL"]
[SourceDate "2005.09.12"]

1. e4 c5 2. Nf3 Nc6 3. d4 cxd4 4. Nxd4 g6 5. Be3 Bg7 6. Nc3 Nf6 7. Nxc6 bxc6 8.
e5 Ng8 9. f4 f6 10. Bd4 Qa5 11. Qe2 fxe5 12. fxe5 Nh6 13. g4 Nf7 14. O-O-O Bxe5
15. h4 Rb8 16. a3 d6 17. Bg2 Bd7 18. Rhf1 Bxd4 19. Rxd4 Ne5 20. Qf2 Kd8 21. g5
Re8 22. Qe2 Kc7 23. Ra4 Qc5 24. Ne4 Qb6 25. b3 Rf8 26. Re1 Bg4 27. Qd2 Be6 28.
Rb4 Qa6 29. Ra4 Qb6 1/2-1/2

[Event "Col Ch "]
[Site "Ibague "]
[Date "2013.07.05"]
[Round "8.16"]
[White "Nino, Juan Camilo"]
[Black "Agudelo, Antonio"]
[Result "1/2-1/2"]
[WhiteElo "2093"]
[BlackElo "2275"]
[PlyCount "71"]
[EventDate "2013.07.01"]
[EventType "swiss"]
[EventRounds "11"]
[EventCountry "COL"]
[SourceDate "2005.09.12"]

1. e4 e6 2. d4 d5 3. Nc3 Bb4 4. e5 Ne7 5. a3 Bxc3+ 6. bxc3 c5 7. Nf3 Qa5 8. Bd2
Bd7 9. c4 Qa4 10. cxd5 cxd4 11. dxe6 Bxe6 12. Bb4 Nbc6 13. Nxd4 Nxd4 14. Qxd4
O-O 15. Qc5 Rfc8 16. Bb5 Rxc5 17. Bxa4 Rxe5+ 18. Kf1 Nf5 19. f3 Bc4+ 20. Kg1 a5
21. Re1 Re3 22. Rxe3 Nxe3 23. Bc5 Rd8 24. Kf2 Nf5 25. Be3 b5 26. Bb3 Bxb3 27.
cxb3 Rd3 28. Rc1 h5 29. Bb6 Rxb3 30. Rc5 Rb2+ 31. Kg1 Nh4 32. Rxh5 Rxg2+ 33.
Kh1 Rg6 34. Rxb5 Nxf3 35. a4 Rg4 36. Rxa5 1/2-1/2